Statistical Yearbook Thailand 1989

Gespeichert in:
Bibliographische Detailangaben
Format: Buch
Sprache:Englisch
Veröffentlicht: Bangkok National Statistical Office 1989
Schlagworte:
Tags: Tag hinzufügen
Keine Tags, Fügen Sie das erste Tag hinzu!

MARC

LEADER 00000nam a2200000 4500
001 c032027
005 20250512092740.9
041 0 |a eng 
044 |a TH 
245 1 0 |a Statistical Yearbook Thailand 1989 
264 1 |a Bangkok  |b National Statistical Office  |c 1989 
300 |a 479 s. 
610 2 0 |a Thajsko